[Event "Wch Disabilities 5th"]
[Site "Lublin"]
[Date "2023.08.25"]
[Round "7"]
[White "Piekielny, Pawel"]
[Black "Mukha, Nikolay"]
[Result "1-0"]
[WhiteElo "2225"]
[BlackElo "2109"]
[PlyCount "75"]
[EventDate "2023.08.19"]
[EventType "swiss"]
[EventRounds "9"]
[EventCountry "POL"]
[SourceTitle "CBM 215 Extra"]
[Source "ChessBase"]
[SourceDate "2023.09.30"]
[SourceVersion "1"]
[SourceVersionDate "2023.09.30"]
[SourceQuality "1"]

1. e4 c5 2. Nf3 d6 3. c3 Nf6 4. Be2 g6 5. 0-0 Bg7 6. Bb5+ Bd7 7. Bxd7+ Nbxd7 8. Re1 0-0 9. a4 e5 10. d3 h6 11. Na3 Re8 12. Nc4 Qc7 13. Ne3 Rad8 14. Bd2 Nf8 15. c4 a5 16. Bc3 b6 17. Nd2 Ne6 18. Nd5 Nxd5 19. cxd5 Nf4 20. Nc4 Rb8 21. g3 Nh5 22. Rf1 Qe7 23. Qg4 Nf6 24. Qh3 h5 25. Rae1 Red8 26. f4 Ng4 27. f5 Bh6 28. Rf3 Rf8 29. Ref1 Bg5 30. Qg2 Nf6 31. Bd2 Nh7 32. h4 Bxd2 33. Qxd2 g5 34. f6 Qd7 35. Rf5 Kh8 36. hxg5 Rg8 37. R1f2 Rg6 38. Rh2 1-0

[Event "Wch Disabilities 5th"]
[Site "Lublin"]
[Date "2023.08.22"]
[Round "4"]
[White "Mukha, Nikolay"]
[Black "Andriienko, Artom"]
[Result "1-0"]
[WhiteElo "2109"]
[BlackElo "1878"]
[PlyCount "45"]
[EventDate "2023.08.19"]
[EventType "swiss"]
[EventRounds "9"]
[EventCountry "POL"]
[SourceTitle "CBM 215 Extra"]
[Source "ChessBase"]
[SourceDate "2023.09.30"]
[SourceVersion "1"]
[SourceVersionDate "2023.09.30"]
[SourceQuality "1"]

1. e4 c5 2. Nf3 d6 3. d4 cxd4 4. Nxd4 Nf6 5. Nc3 a6 6. Bg5 e6 7. f4 Be7 8. Qf3 Nbd7 9. 0-0-0 Qc7 10. g4 h6 11. Bxf6 Bxf6 12. h4 Bxd4 13. Rxd4 b5 14. Bg2 Bb7 15. Rhd1 Nb6 16. Rxd6 b4 17. Qf2 Nc4 18. Rd7 Qc6 19. e5 bxc3 20. Bxc6 cxb2+ 21. Kb1 Bxc6 22. Rc7 Rb8 23. Qc5 1-0

[Event "Wch Disabilities 5th"]
[Site "Lublin"]
[Date "2023.08.20"]
[Round "2"]
[White "Mukha, Nikolay"]
[Black "Gonchar, Svitlana"]
[Result "1-0"]
[WhiteElo "2109"]
[BlackElo "1602"]
[PlyCount "83"]
[EventDate "2023.08.19"]
[EventType "swiss"]
[EventRounds "9"]
[EventCountry "POL"]
[SourceTitle "CBM 215 Extra"]
[Source "ChessBase"]
[SourceDate "2023.09.30"]
[SourceVersion "1"]
[SourceVersionDate "2023.09.30"]
[SourceQuality "1"]

1. Nf3 Nf6 2. c4 e6 3. d4 d5 4. g3 c5 5. Bg2 Nc6 6. 0-0 Be7 7. dxc5 Bxc5 8. cxd5 exd5 9. Qc2 Be7 10. Nc3 0-0 11. Rd1 Be6 12. Ng5 Rc8 13. Nxd5 Bxd5 14. Rxd5 Nb4 15. Rxd8 Nxc2 16. Rxf8+ Kxf8 17. Rb1 Nd4 18. Be3 Nc6 19. Rc1 h6 20. Ne4 a6 21. Nc5 Bxc5 22. Bxc5+ Ke8 23. Bd4 Ke7 24. Rc3 Ne8 25. Bc5+ Ke6 26. Bh3+ f5 27. g4 g6 28. gxf5+ gxf5 29. e4 Ng7 30. Bd4 Rg8 31. Bxg7 Rxg7+ 32. Rg3 Rxg3+ 33. hxg3 Nd4 34. Bxf5+ Nxf5 35. exf5+ Kxf5 36. f3 h5 37. Kg2 b5 38. b4 Kg5 39. Kh3 Kg6 40. Kh4 Kh6 41. f4 Kg6 42. a3 1-0

[Event "Morshyn All Ukranian 1st"]
[Site "Morshyn"]
[Date "2023.07.08"]
[Round "3"]
[White "Sakun, Volodymyr"]
[Black "Mukha, Nikolay"]
[Result "1-0"]
[WhiteElo "2370"]
[BlackElo "2109"]
[PlyCount "49"]
[EventDate "2023.07.08"]
[EventType "swiss (rapid)"]
[EventRounds "9"]
[EventCountry "UKR"]
[SourceTitle "CBM 215 Extra"]
[Source "ChessBase"]
[SourceDate "2023.09.30"]
[SourceVersion "1"]
[SourceVersionDate "2023.09.30"]
[SourceQuality "1"]

1. d4 d5 2. c4 c6 3. Nf3 Nf6 4. Nc3 dxc4 5. a4 Bf5 6. e3 e6 7. Bxc4 Bb4 8. 0-0 0-0 9. Qe2 Nbd7 10. e4 Bg6 11. e5 Nd5 12. Bd2 Be7 13. Nxd5 cxd5 14. Bd3 Nb8 15. Bxg6 fxg6 16. Qb5 Qd7 17. Qxd7 Nxd7 18. Rfc1 Rac8 19. Kf1 Nb8 20. Ke2 h6 21. h4 Nc6 22. Rc3 Bb4 23. Rxc6 Rxc6 24. Bxb4 Rc2+ 25. Nd2 1-0

[Event "Online Olym Disabilities final"]
[Site "Tornelo INT"]
[Date "2020.12.02"]
[Round "2.2"]
[White "Mukha, Nikolay"]
[Black "Checiak, Krzysztof"]
[Result "1-0"]
[WhiteElo "2163"]
[BlackElo "1967"]
[PlyCount "105"]
[EventDate "2020.11.29"]
[EventType "team-tourn"]
[EventRounds "3"]
[EventCountry "NET"]
[SourceTitle "CBM 199 Extra"]
[Source "ChessBase"]
[SourceDate "2021.01.31"]
[SourceVersion "1"]
[SourceVersionDate "2021.01.31"]
[SourceQuality "1"]
[WhiteTeam "Ukraine III"]
[BlackTeam "Poland III"]
[WhiteTeamCountry "UKR"]
[BlackTeamCountry "POL"]

1. d4 d5 2. c4 c6 3. cxd5 cxd5 4. Nc3 Nf6 5. Bf4 a6 6. e3 Nc6 7. Bd3 e6 8. Nf3 Bd6 9. Bg3 0-0 10. Rc1 Re8 11. Bxd6 Qxd6 12. 0-0 e5 13. Nxe5 Nxe5 14. dxe5 Qxe5 15. h3 Be6 16. Be2 b5 17. Bf3 Rad8 18. Qd4 Qb8 19. Ne2 Rc8 20. b3 h6 21. Nf4 Red8 22. Rfd1 Rxc1 23. Rxc1 a5 24. Rc6 Rd6 25. Qe5 Ne8 26. Rxd6 Qxd6 27. Qxd6 Nxd6 28. Bxd5 Bf5 29. a3 Kf8 30. Ne2 Bd3 31. Nd4 a4 32. bxa4 bxa4 33. Bc6 Nc4 34. Bb5 Nb2 35. Bxd3 Nxd3 36. Kf1 Ne5 37. Ke2 Ke7 38. Nc2 Kd6 39. Kd2 Kc5 40. Kc3 Nc4 41. e4 g6 42. f4 g5 43. fxg5 hxg5 44. g3 f6 45. h4 gxh4 46. gxh4 Nd6 47. Kd3 Nc4 48. h5 Ne5+ 49. Kc3 Ng4 50. Nd4 Nf2 51. h6 Nxe4+ 52. Kc2 Ng5 53. Ne6+ 1-0

[Event "Online Olym Disabilities final"]
[Site "Tornelo INT"]
[Date "2020.12.01"]
[Round "2.1"]
[White "Checiak, Krzysztof"]
[Black "Mukha, Nikolay"]
[Result "0-1"]
[WhiteElo "1967"]
[BlackElo "2163"]
[PlyCount "68"]
[EventDate "2020.11.29"]
[EventType "team-tourn"]
[EventRounds "3"]
[EventCountry "NET"]
[SourceTitle "CBM 199 Extra"]
[Source "ChessBase"]
[SourceDate "2021.01.31"]
[SourceVersion "1"]
[SourceVersionDate "2021.01.31"]
[SourceQuality "1"]
[WhiteTeam "Poland III"]
[BlackTeam "Ukraine III"]
[WhiteTeamCountry "POL"]
[BlackTeamCountry "UKR"]

1. e4 c5 2. Nf3 d6 3. d4 cxd4 4. Nxd4 Nf6 5. Nc3 a6 6. Be2 e5 7. Nb3 Be6 8. 0-0 Be7 9. f4 Qc7 10. Kh1 Bc4 11. Bxc4 Qxc4 12. Qf3 Nbd7 13. a4 0-0 14. Be3 exf4 15. Bxf4 Ne5 16. Bxe5 dxe5 17. Rfd1 Bb4 18. Nd2 Qc7 19. Ndb1 Rad8 20. Rf1 Rd4 21. g4 Qc4 22. Re1 h6 23. h4 Nh7 24. Rg1 Rfd8 25. g5 hxg5 26. hxg5 Nf8 27. Na3 Qe6 28. Nd5 Bc5 29. c3 Rxe4 30. Nf6+ gxf6 31. gxf6+ Ng6 32. Rxg6+ fxg6 33. f7+ Kg7 34. Qxe4 Qh3# 0-1

[Event "Online Olym Disabilities"]
[Site "Tornelo INT"]
[Date "2020.11.27"]
[Round "7.2"]
[White "Eichstaedt, Mirko"]
[Black "Mukha, Nikolay"]
[Result "0-1"]
[WhiteElo "2236"]
[BlackElo "2163"]
[PlyCount "64"]
[EventDate "2020.11.21"]
[EventType "team-swiss (rapid)"]
[EventRounds "7"]
[EventCountry "NET"]
[SourceTitle "CBM 199 Extra"]
[Source "ChessBase"]
[SourceDate "2021.01.31"]
[SourceVersion "1"]
[SourceVersionDate "2021.01.31"]
[SourceQuality "1"]
[WhiteTeam "Germany"]
[BlackTeam "Ukraine III"]
[WhiteTeamCountry "GER"]
[BlackTeamCountry "UKR"]

1. d4 Nf6 2. Nf3 e6 3. c4 b6 4. a3 Bb7 5. Nc3 Be7 6. d5 d6 7. e4 e5 8. g3 0-0 9. Bg2 c6 10. 0-0 cxd5 11. cxd5 Ba6 12. Re1 Nbd7 13. Be3 Nc5 14. Bxc5 bxc5 15. b4 cxb4 16. axb4 Qb6 17. Ra4 Rfc8 18. Qd2 Bc4 19. Rea1 Bb3 20. R4a3 Qxb4 21. Nb1 Qb6 22. Qb2 Rc2 23. Qxc2 Bxc2 24. Nbd2 Nxe4 25. Ra6 Qxf2+ 26. Kh1 Nxd2 27. Nxe5 Be4 28. Bxe4 Nxe4 29. Nc6 Bg5 30. Rxa7 Rxa7 31. Rxa7 Qf3+ 32. Kg1 Be3# 0-1

[Event "IPCA Wch 19th"]
[Site "Ruzomberok"]
[Date "2019.07.05"]
[Round "8"]
[White "Gedgafov, Chamal"]
[Black "Mukha, Nikolay"]
[Result "0-1"]
[WhiteElo "2163"]
[BlackElo "2159"]
[PlyCount "164"]
[EventDate "2019.06.28"]
[EventType "swiss"]
[EventRounds "9"]
[EventCountry "SVK"]
[SourceTitle "CBM 191 Extra"]
[Source "ChessBase"]
[SourceDate "2019.09.30"]
[SourceVersion "1"]
[SourceVersionDate "2019.09.30"]
[SourceQuality "1"]

1. c4 Nf6 2. Nc3 g6 3. g3 Bg7 4. Bg2 0-0 5. e4 d6 6. Nge2 c5 7. 0-0 Nc6 8. d3 Ne8 9. Be3 Nd4 10. Qd2 Bg4 11. f3 Bd7 12. h3 a6 13. Rac1 b5 14. Kh2 b4 15. Nd5 Nxe2 16. Qxe2 e6 17. Nf4 a5 18. Qd2 Nc7 19. Ne2 Qe7 20. f4 Rad8 21. Ng1 f5 22. exf5 exf5 23. d4 Rfe8 24. Rfe1 Qf8 25. Qf2 Ne6 26. Nf3 cxd4 27. Nxd4 Nc5 28. Bd5+ Kh8 29. Rcd1 Qf6 30. Qg2 Rc8 31. b3 Ne4 32. Nf3 Nc3 33. Rd2 h6 34. Bd4 Qf8 35. Rxe8 Rxe8 36. Nh4 Kh7 37. Bb6 a4 38. Ba5 axb3 39. axb3 Re3 40. Bxb4 Nxd5 41. Qxd5 Qe8 42. Rf2 Bc6 43. Qd2 Qe4 44. Ng2 Rxb3 45. Bxd6 Rb2 46. Qxb2 Bxb2 47. Rxb2 Qxc4 48. Be5 Kg8 49. Rd2 Kf7 50. h4 Qe4 51. Rb2 g5 52. hxg5 hxg5 53. Rd2 Kg6 54. Rd6+ Kh5 55. Rxc6 Qxc6 56. fxg5 Kxg5 57. Ne3 Qe4 58. Bf4+ Kf6 59. Ng2 Qe2 60. Kh3 Ke6 61. Nh4 Qe4 62. Kh2 Kd5 63. Kg1 Kc4 64. Ng2 Kd3 65. Kf2 Qe2+ 66. Kg1 Ke4 67. Nh4 Qe1+ 68. Kg2 Qb1 69. Ng6 Qc2+ 70. Kg1 Qd1+ 71. Kg2 Qe2+ 72. Kg1 Qe1+ 73. Kg2 Kd3 74. Nh4 Qe2+ 75. Kh3 Qg4+ 76. Kg2 Ke2 77. Kg1 Qh3 78. Ng2 Qh8 79. Nh4 Qd4+ 80. Kh2 Qf2+ 81. Kh3 Qf1+ 82. Kh2 Kf2 0-1

[Event "IPCA Wch 19th"]
[Site "Ruzomberok"]
[Date "2019.06.28"]
[Round "1"]
[White "Mukha, Nikolay"]
[Black "Pilimon, Zbigniew"]
[Result "1-0"]
[WhiteElo "2159"]
[BlackElo "1670"]
[PlyCount "75"]
[EventDate "2019.06.28"]
[EventType "swiss"]
[EventRounds "9"]
[EventCountry "SVK"]
[SourceTitle "CBM 191 Extra"]
[Source "ChessBase"]
[SourceDate "2019.09.30"]
[SourceVersion "1"]
[SourceVersionDate "2019.09.30"]
[SourceQuality "1"]

1. c4 c5 2. g3 e6 3. Nf3 Nf6 4. Bg2 Be7 5. 0-0 0-0 6. Nc3 d5 7. cxd5 exd5 8. d4 Nc6 9. Bg5 b6 10. dxc5 bxc5 11. Bxf6 Bxf6 12. Qxd5 Qxd5 13. Nxd5 Bxb2 14. Rab1 Rb8 15. Nd2 Ba6 16. Nb3 Bd4 17. Nc7 Bxe2 18. Bxc6 Bxf1 19. Rxf1 Rbc8 20. Nd5 Rcd8 21. Rc1 Rd6 22. Ne7+ Kh8 23. Bb5 g6 24. Nxc5 f5 25. Nb3 Bb6 26. Nc8 Rd5 27. a4 f4 28. Nxb6 axb6 29. Rc2 Kg7 30. Nd2 h5 31. Kg2 Rc5 32. Rxc5 bxc5 33. gxf4 Rxf4 34. Nc4 Kf6 35. a5 Ke6 36. a6 Rf7 37. Bc6 Rc7 38. Bb7 1-0

[Event "IPCA Wch 17th"]
[Site "Ruzomberok"]
[Date "2017.05.31"]
[Round "4"]
[White "Sookruus, Heiki"]
[Black "Mukha, Nikolay"]
[Result "0-1"]
[WhiteElo "2055"]
[BlackElo "2162"]
[PlyCount "76"]
[EventDate "2017.05.28"]
[EventType "swiss"]
[EventRounds "9"]
[EventCountry "SVK"]
[SourceTitle "EXT 2018"]
[Source "ChessBase"]
[SourceDate "2017.10.13"]
[SourceVersion "1"]
[SourceVersionDate "2017.10.13"]
[SourceQuality "1"]

1. d4 Nf6 2. c4 g6 3. Nc3 Bg7 4. e4 d6 5. Nf3 0-0 6. Be2 e5 7. d5 a5 8. Bg5 h6 9. Bh4 Qe8 10. 0-0 Nh7 11. Nd2 h5 12. f3 Bh6 13. Bf2 Na6 14. Re1 Qe7 15. Nf1 h4 16. Be3 Bxe3+ 17. Nxe3 Nf6 18. Bf1 Nh5 19. Qd2 f5 20. Nc2 Rf7 21. a3 Nc5 22. Rab1 a4 23. Na1 Nf4 24. Rbd1 Qg5 25. Kh1 Bd7 26. Ne2 fxe4 27. Nxf4 Rxf4 28. Be2 Raf8 29. Nc2 Nb3 30. Qe3 exf3 31. Bxf3 Bf5 32. Qc3 Bxc2 33. Qxc2 Nd4 34. Qxa4 h3 35. Rg1 Qf5 36. Rdf1 e4 37. g4 Qe5 38. Bd1 Rxf1 0-1

[Event "IPCA Wch 17th"]
[Site "Ruzomberok"]
[Date "2017.05.30"]
[Round "3"]
[White "Mukha, Nikolay"]
[Black "Valenta, Vit"]
[Result "0-1"]
[WhiteElo "2162"]
[BlackElo "2081"]
[PlyCount "110"]
[EventDate "2017.05.28"]
[EventType "swiss"]
[EventRounds "9"]
[EventCountry "SVK"]
[SourceTitle "EXT 2018"]
[Source "ChessBase"]
[SourceDate "2017.10.13"]
[SourceVersion "1"]
[SourceVersionDate "2017.10.13"]
[SourceQuality "1"]

1. e4 e5 2. Nf3 Nc6 3. d4 exd4 4. Nxd4 Nf6 5. Nxc6 bxc6 6. e5 Qe7 7. Qe2 Nd5 8. c4 Ba6 9. b3 g6 10. g3 Bg7 11. Bb2 0-0 12. Bg2 Rfe8 13. 0-0 Rab8 14. Rd1 Nb6 15. f4 f6 16. Nd2 Na4 17. Bd4 fxe5 18. Re1 c5 19. Bxe5 Bxe5 20. fxe5 Nb6 21. Qg4 Qg7 22. Qg5 h6 23. Qf4 g5 24. Qf5 Rf8 25. Qd3 Rbe8 26. Qc3 d6 27. Rad1 Bc8 28. h3 Nd7 29. Bd5+ Kh8 30. Nf3 Nxe5 31. Nxe5 Rxe5 32. Rxe5 Qxe5 33. Qxe5+ dxe5 34. Bg2 Re8 35. Rd5 e4 36. Rxc5 e3 37. Kf1 Rf8+ 38. Ke1 Rf2 39. Rxc7 Bf5 40. Rf7 Bb1 41. Rxf2 exf2+ 42. Kxf2 Bxa2 43. Ke3 Bxb3 44. Kd4 Kg7 45. Kc3 Ba4 46. Bb7 Kf6 47. Kd4 Bd7 48. g4 Ke7 49. c5 Kd8 50. Bd5 Kc7 51. Bg2 Be6 52. Kc3 a5 53. Be4 Bd7 54. Bg2 Bc6 55. Kb3 Bxg2 0-1

[Event "IPCA Wch 17th"]
[Site "Ruzomberok"]
[Date "2017.05.29"]
[Round "2"]
[White "Tsapalin, Sergey"]
[Black "Mukha, Nikolay"]
[Result "0-1"]
[WhiteElo "1972"]
[BlackElo "2162"]
[PlyCount "82"]
[EventDate "2017.05.28"]
[EventType "swiss"]
[EventRounds "9"]
[EventCountry "SVK"]
[SourceTitle "EXT 2018"]
[Source "ChessBase"]
[SourceDate "2017.10.13"]
[SourceVersion "1"]
[SourceVersionDate "2017.10.13"]
[SourceQuality "1"]

1. c4 Nf6 2. Nc3 g6 3. e4 d6 4. d4 Bg7 5. f3 0-0 6. Bg5 c5 7. d5 e6 8. Qd2 exd5 9. cxd5 a6 10. a4 Re8 11. Nge2 Nbd7 12. Nd1 Rb8 13. Nec3 Qa5 14. Ra3 Ne5 15. Be2 Qb4 16. Qc2 h6 17. Bd2 Qb6 18. a5 Qd8 19. 0-0 Nh5 20. f4 Ng4 21. Bxg4 Bxg4 22. Ne3 Bd4 23. Kh1 Bd7 24. Nc4 Qh4 25. Ne2 Bb5 26. Nxd4 cxd4 27. Rh3 Qe7 28. Re1 Rbc8 29. b3 Nf6 30. Qd3 Bxc4 31. bxc4 Nxe4 32. Qxd4 f5 33. Bc3 Kh7 34. g4 Rc7 35. Kg2 Qf7 36. Ree3 fxg4 37. Rhg3 Qxf4 38. Re1 Rf7 39. Qe3 Qf5 40. Bd4 Nxg3 41. Qxg3 Qf3+ 0-1

[Event "Lutsk Nebesna Sotnya Memorial blitz"]
[Site "Lutsk"]
[Date "2016.02.19"]
[Round "4"]
[White "Budnikov, Oleg"]
[Black "Mukha, Nikolay"]
[Result "1-0"]
[WhiteElo "2374"]
[BlackElo "2201"]
[PlyCount "66"]
[EventDate "2016.02.19"]
[EventType "swiss (blitz)"]
[EventRounds "22"]
[EventCountry "UKR"]
[SourceTitle "CBM 170 Extra"]
[Source "ChessBase"]
[SourceDate "2016.02.25"]
[SourceVersion "1"]
[SourceVersionDate "2016.02.25"]
[SourceQuality "1"]

1. c4 e5 2. e3 g6 3. Nc3 Bg7 4. Nf3 Nc6 5. d4 d6 6. Be2 exd4 7. exd4 Nf6 8. d5 Ne7 9. 0-0 0-0 10. h3 Re8 11. Bd3 Bf5 12. Nd4 Bxd3 13. Qxd3 Nd7 14. Nf3 Nf5 15. Bg5 Bf6 16. Bxf6 Qxf6 17. Nb5 Nc5 18. Qa3 Re7 19. Rfe1 a6 20. Rxe7 Qxe7 21. Re1 Qd8 22. Nbd4 Nxd4 23. Nxd4 Qf8 24. Qe3 Rc8 25. b3 Qg7 26. Nf3 Qf6 27. b4 Nd7 28. Qa7 Rb8 29. c5 Qd8 30. cxd6 cxd6 31. Qd4 Rc8 32. a4 Qb6 33. Qh4 Qd8 1-0

[Event "Lutsk Nebesna Sotnya Memorial blitz"]
[Site "Lutsk"]
[Date "2016.02.19"]
[Round "3"]
[White "Mukha, Nikolay"]
[Black "Budnikov, Oleg"]
[Result "0-1"]
[WhiteElo "2201"]
[BlackElo "2374"]
[PlyCount "100"]
[EventDate "2016.02.19"]
[EventType "swiss (blitz)"]
[EventRounds "22"]
[EventCountry "UKR"]
[SourceTitle "CBM 170 Extra"]
[Source "ChessBase"]
[SourceDate "2016.02.25"]
[SourceVersion "1"]
[SourceVersionDate "2016.02.25"]
[SourceQuality "1"]

1. d4 g6 2. c4 Bg7 3. Nc3 d6 4. e4 Nf6 5. Nf3 0-0 6. Be2 Bg4 7. 0-0 Nfd7 8. Be3 Nc6 9. Rc1 Bxf3 10. Bxf3 e5 11. d5 Nd4 12. Nb5 Nxf3+ 13. Qxf3 f5 14. exf5 gxf5 15. Qe2 a6 16. Nc3 Qf6 17. Qh5 Rae8 18. Bg5 Qg6 19. Qxg6 hxg6 20. f3 Nc5 21. Rfd1 e4 22. fxe4 fxe4 23. Be3 Nd3 24. Rc2 b6 25. a3 Nxb2 26. Rxb2 Bxc3 27. Re2 Rf5 28. h3 Bg7 29. Bd4 b5 30. Bxg7 Kxg7 31. cxb5 axb5 32. Rb2 e3 33. Rxb5 Rf4 34. Rb4 Rf7 35. Re1 Rf5 36. Rb3 e2 37. Rb2 Rxd5 38. Rbxe2 Rxe2 39. Rxe2 Kf6 40. a4 Rd1+ 41. Kf2 Ra1 42. Re4 d5 43. Rd4 Ke5 44. Rg4 c5 45. Rxg6 c4 46. Rg8 d4 47. Re8+ Kd5 48. h4 c3 49. h5 c2 50. Rd8+ Ke4 0-1